| 000 | 01769nam a2200301 i 4500 | ||
|---|---|---|---|
| 003 | EG-GICUC | ||
| 005 | 20260121101237.0 | ||
| 008 | 251118k19001999ua ||||fr|||| 001 0 ara d | ||
| 040 |
_a EG-GICUC _bara _c EG-GICUC _d EG-GICUC _erda |
||
| 041 | _aara | ||
| 082 | 0 | 4 |
_a343.26 _bم ص . ج _221 |
| 092 | 0 | 4 | _221 |
| 099 | _aLaw1 10 343.26 م ص . ج 1999 1004773 | ||
| 100 | 0 |
_aمصطفى الشاذلي. _eمؤلف. |
|
| 245 | 1 | 2 |
_aالجرائم الماسة بالشرف والاعتبار والآداب : _bيشمل النصوص القانونية والصيغ الجنائية وأحدث المبادئ الفقهية والقضائية للجرائم الآتية : الدعارة-الاغتصاب-هتك العرض-الزنا-الفعل الفاضح-القذف-السب العلني-التعرض لأنثى-البلاغ الكاذب-الطعن في الاعراض وخدش سمعة العائلات-الاعتداء على حرمة الحياة الخاصة للمواطنين-عرض افلام السينما الفيديو والمطبوعات المنافية للآداب وشروط ترخيص نادي الفيديو / _cالمستشار مصطفى الشاذلي. |
| 264 | 1 |
_aالإسكندرية، مصر : _bالمكتب العربي الحديث، _c1999. |
|
| 300 |
_a270 صفحة ؛ _c24 سم. |
||
| 336 |
_2rda content _atext |
||
| 337 |
_2rda media _aComputer |
||
| 338 |
_2rda carrier _aOnline Resource |
||
| 504 | _aيشتمل على ارجاعات ببليوجرافية. | ||
| 546 | _aالنص باللغة العربية | ||
| 650 | 1 |
_aالجرائم الماسة بالشرف والاعتبار _2qrmak |
|
| 651 | 1 | _2qrmak | |
| 856 | 4 | 0 | _uhttps://fll.law.cu.edu.eg/fulltext/bks/B10-04773.pdf |
| 905 | _a18 | ||
| 942 |
_2ddc _n0 _cBK _e21 |
||
| 999 |
_c44075 _d44075 |
||